Enrichment mathematics for high school

Αποθηκεύτηκε σε:
Λεπτομέρειες βιβλιογραφικής εγγραφής
Συγγραφή απο Οργανισμό/Αρχή: National Council of Teachers of Mathematics
Μορφή: Βιβλίο
Γλώσσα:English
Δημοσίευση: Washington : National Council of Teachers of Mathematics, 1963
Σειρά:Yearbook (National Council of Teachers of Mathematics) ; 28
Θέματα:
Ετικέτες: Προσθήκη ετικέτας
Δεν υπάρχουν, Καταχωρήστε ετικέτα πρώτοι!

MARC

LEADER 00000cam a2200000 i 4500
001 1/101102
008 090211s1963 eng d
035 |l 10103122 
040 |a GR-MY-UA  |b gre  |e aacr 
041 0 |a eng 
082 0 |a 510.712  |2 (22) 
110 2 |a National Council of Teachers of Mathematics. 
245 1 0 |a Enrichment mathematics for high school /  |c National Council of Teachers of Mathematics 
260 |a Washington :   |b National Council of Teachers of Mathematics,   |c 1963 
300 |a ix, 388 σ.;  |b διαγρ.;  |c 23 σ. 
490 1 |a Yearbook (National Council of Teachers of Mathematics)  |v ; 28 
504 |a Περιέχει βιβλιογραφία (σ. 379-388) 
650 0 0 |a Mathematics  |x Study and teaching. 
830 0 |a Yearbook (National Council of Teachers of Mathematics)  |v ; 28 
852 |a INST  |b SAMOS  |c MAG  |e 20090211  |h 510.712 NAT  |p 005300029378  |q 005300029378  |t BK  |y 0 
901 |a BIBL3-2009-1 
909 |a Σ  |b 155591 
970 |a ΣΙΤΖΙΜΗ  |b ΓΙΑΣΕΜΗ  |z 2009/02/11